| 000 | 00529nmm a2200169Ia 4500 | ||
|---|---|---|---|
| 008 | 251105s9999||||xx |||||||||||||||||und|| | ||
| 020 | _a9789587163063 | ||
| 041 | _aspa | ||
| 100 | _aCote Barco, Gustavo Emilio | ||
| 245 | 0 | _aDerecho penal de enemigo en la Violencia (1948-1966) | |
| 264 |
_a[Bogotá, Colombia] : _bEditorial Pontificia Universidad Javeriana, _c2008 |
||
| 300 | _a302 páginas | ||
| 490 | _aFronteras del derecho | ||
| 650 | _aLaw | ||
| 856 | _uhttps://public.digitaliapublishing.com/a/44296 | ||
| 942 | _cCF | ||
| 999 |
_c95519 _d95519 |
||